U.S Presidential Campaign Slogans Quiz - Statistics

General Stats
  • This quiz has been taken 59 times
  • The average score is 17 of 30
Answer Stats
Slogan President % Correct
Make America Great Again Donald Trump
92%
I like Ike Dwight D. Eisenhower
91%
All the way with LBJ | In Your Guts, You Know He's Nuts Lyndon B. Johnson
87%
Vote yourself a farm and horses | Honest old Abe | The Union must and shall be preserved! | Protection to American industry Abraham Lincoln
85%
This time, vote like your whole world depended on it | _____'s the One Richard Nixon
83%
Happy Days Are Here Again Franklin D. Roosevelt
81%
Yes We Can | Change We Can Believe In | Change We Need | Hope Barack Obama
79%
A time for greatness 1960 | We Can Do Better | Leadership for the 60s John F. Kennedy
79%
I'm just wild about Harry | Pour it on 'em, Harry! | Give Em Hell, Harry! Harry S. Truman
77%
Are You Better Off Than You Were Four Years Ago? | Let's Make America Great Again Ronald Reagan
77%
Kinder, Gentler Nation | Thousand Points of Light | Read My Lips, No New Taxes George H. W. Bush
74%
For People, for a Change | It's Time to Change America | Putting People First | It's the economy, stupid Bill Clinton
72%
Not Just Peanuts | A Leader, for a Change | Why not the Best? | Peaches And Cream Jimmy Carter
70%
Tell the truth! | Blaine, Blaine, James G. Blaine! The continental liar from the state of Maine! Grover Cleveland
66%
Tippecanoe and Tyler Too William Henry Harrison
62%
Vote for 8 Hour ______ | I am for ______ and an 8 Hour day | The man of the eight hour day Woodrow Wilson
60%
Compassionate Conservatism | Reformer with Results George W. Bush
57%
54-40 or fight | Reannexation of Texas and Reoccupation of Oregon James K. Polk
53%
Rejuvenated Republicanism | Grandfather's hat fits Ben! Benjamin Harrison
51%
Keep Cool and Keep ________ Calvin Coolidge
47%
We Polked you in '44, We shall ______ you in '52 Franklin Pierce
47%
We'll Buck 'em in '56 James Buchanan
43%
Who but ______? | A chicken in every pot and a car in every garage Herbert Hoover
40%
Return to normalcy | America First Warren G. Harding
40%
Let Us Have Peace | Vote as You Shot Ulysses S. Grant
32%
A Square Deal For All William Howard Taft
28%
_____ the true and Wheeler too Rutherford B. Hayes
21%
Patriotism, Protection, and Prosperity William McKinley
19%
To Assure Continued Prosperity | National Unity. Prosperity. Advancement. Theodore Roosevelt
13%
For President of the People Zachary Taylor
13%
No matching quizzes found
Score Distribution
Percent of People with Each Score
Percentile by Number Answered
Your Score History
You have not taken this quiz